000 00649nam a2200241 i 4500
001 C2-0211579
003 PPAK
005 20180728102355.0
008 990322s1979 my |||| ||||| | may d
040 _aPPAK
_beng
_cPPAK
_erda
082 0 4 _a899.23301
_2 23
090 0 0 _a899.23301
_bHAM
_dG
090 0 0 _a899.23301
_bHAM
_dKAH
090 0 0 _a899.23301
_bHAM
_dKSA
100 0 _aHamzah Hamdani,
_eauthor
245 1 0 _aPantai
264 1 _aKuala Lumpur :
_bEastern Universities Press ,
_c1979
300 _a110 pages ;
_c18 cm
336 _2rdacontent
_atext
337 _2rdamedia
_aunmediated
338 _2rdacarrier
_avolume
942 _ddc
_cB
999 _c158260
_d158260